| 000 | 01322nam a2200385 a 4500 | ||
|---|---|---|---|
| 999 |
_c5709 _d5709 |
||
| 001 | 016949379 | ||
| 003 | UkOxU | ||
| 005 | 20220624131626.0 | ||
| 008 | 080730s2006 ke ab i000 0 eng d | ||
| 010 | _a2008349896 | ||
| 020 | _a9211319218 | ||
| 020 | _a9789211319217 | ||
| 020 | _a9211318157 | ||
| 020 | _a9789211318159 | ||
| 035 | _a(OCoLC)ocn173521452 | ||
| 040 |
_aINU _cALUPE UNIVERSITY _dOSU _dIUL _dDLC |
||
| 042 |
_alccopycat _alcode |
||
| 043 | _af------ | ||
| 050 | 0 | 0 |
_aHT384. _bA33 2006 |
| 082 | 0 | 4 |
_a307.76/096 _222 |
| 245 | 0 | 0 |
_aAfrican cities driving the NEPAD initiative / _c[prepared by Mariam Yunusa ... [et al.]] |
| 246 | 3 | _aAfrican cities driving the New Partership for Africa's Development initiative | |
| 246 | 1 |
_iAt head of title: _aReport of the first phase, the NEPAD Cities Programme |
|
| 260 |
_aNairobi, Kenya : _bUN-HABITAT, _cc2006. |
||
| 300 |
_axvii, 268 p. : _bill., maps ; _c25 cm. |
||
| 650 | 0 |
_aUrbanization _zAfrica. |
|
| 650 | 0 |
_aCities and towns _zAfrica _xGrowth. |
|
| 650 | 0 |
_aSustainable development _zAfrica. |
|
| 650 | 0 |
_aUrban ecology (Sociology) _zAfrica. |
|
| 700 | 1 | _aYunusa, Mariam Ladi. | |
| 710 | 2 | _aNEPAD Cities Programme. | |
| 710 | 2 | _aUnited Nations Centre for Human Settlements. | |
| 942 |
_2lcc _cBK _nAB |
||